| 000 | 00399cam a22001097a 4500 | ||
|---|---|---|---|
| 008 | 180718b xxu||||| |||| 00| 0 eng d | ||
| 082 | _aO96x42 1955 | ||
| 245 |
_aDomestic food consumption and expenditure _cby Ministry of Agriculture, Fisheries and food |
||
| 260 |
_aLondon _bHer Majesty's Stationery Office _c |
||
| 500 | _aLibrary has 1955-1960 | ||
| 700 | _aU.K.Ministry of Agriculture, Fisheries and food | ||
| 999 |
_c412814 _d412814 |
||